00420caa a22001332a 4500001000900000003001100009008004300020100001900063245001800082300001400100500007300114546001300187773008600200 013694 AR-FADEU 311216n########xxu####################dd aCrane, Stephen aThe open boat aPP. 78-98 aEn: American short stories / ed. Barry Taylor. London : Longman,1979 aInglés0 020763abdNew Yorko0174tGREAT american short storiesw( AR-FADEU) 015004xz